000 00618 a2200085 4500
999 _c20349
_d20349
003 WA 310
005 20220406093840.0
008 220406s2005 pl ||||| |||| 00| 0 pol d
020 _a8324378898
040 _aWA 310
_cWA 310
041 _apol
_heng
245 0 0 _aKompatybilność elektromagnetyczna i zagadnienia widma radiowego (ERM) - Lądowa służba ruchoma - Urządzenia radiowe przewidziane do transmisji danych (i/lub mowy), wykorzystujące modulację o stałej lub niestałej obwiedni, wyposażone w złącze antenowe - Część 2: Zharmonizowana EN zapewniająca spełnienie zasadniczych wymagań zgodnie z artykułem 3.2 dyrektywy R&TTE =
_bElectromagnetic compatibility and Radio spectrum Matters (ERM) - Land mobile service - Radio equipment intended for the transmission of data (and/or speech) using constant or non-constant envelope modulation and having an antenna connector - Part 2: Harmonized EN covering essential requirements under article 3.2 of the R&TTE Directive PN-ETSI EN 300 113-2 V1.3.1:2005P /
_cKT nr 11.
246 1 3 _aPN-ETSI EN 300 113-2 V1.3.1
246 1 3 _aICS 33.060.20, 33.100.01
246 1 3 _aPolska Norma
260 _aWarszawa :
_bPKN,
_c2005.
300 _a1 dysk optyczny (CD-ROM) ;
_c12 cm.
336 _2rdacontent
_aTekst
_btxt
337 _aKomputer
_bc
_2rdamedia
338 _aDokument online
_bcr
_2rdacarrier
500 _aWprowadza ETSI EN 300 113-2 V1.3.1:2003, IDT ; Zatwierdzona 5 września 2005 r.
500 _aNorma Europejska ETSI EN 300 113-2 V1.3.1 (2003-12) ma status Polskiej Normy.
504 _aBibliografia na stronie 19.
538 _aWymagania systemowe: Zaleca się używanie do przeglądania normy Acrobat Readera w wersji 5.0 lub nowszej.
590 _6Status: wycofana.
710 _91107
_aPolska.
_bPolski Komitet Normalizacyjny.
_eInstytucja sprawcza
_eWydawca
920 _a83-243-7889-8
942 _2ddc
_cBK